Nine
Pawel, a young Polish businessman, is in trouble; in debt to loan sharks his only hope lies with former friends, many of whom are now prominent in Warsaw's drug-dealing underground. Embarking on a desperate fool's-gold chase through the city's grimy apartments and creaking transport s...
Sparad:
| Huvudupphovsman: | |
|---|---|
| Övriga upphovsmän: | |
| Materialtyp: | Bok |
| Språk: | Undetermined |
| Publicerad: |
Orlando
Harcourt
2007
|
| Ämnen: | |
| Länkar: | http://lrc.tdmu.edu.vn/opac/search/detail.asp?aID=2&ID=32972 |
| Taggar: |
Lägg till en tagg
Inga taggar, Lägg till första taggen!
|
| Thư viện lưu trữ: | Trung tâm Học liệu Trường Đại học Thủ Dầu Một |
|---|
| LEADER | 01170nam a2200217Ia 4500 | ||
|---|---|---|---|
| 001 | TDMU_32972 | ||
| 008 | 210410s9999 xx 000 0 und d | ||
| 082 | |a 363.192 | ||
| 090 | |b ST109 | ||
| 100 | |a Stasiuk, Andrzej | ||
| 245 | 0 | |a Nine | |
| 245 | 0 | |c Andrzej Stasiuk ; translated from the Polish by Bill Johnston | |
| 260 | |a Orlando | ||
| 260 | |b Harcourt | ||
| 260 | |c 2007 | ||
| 300 | |a 229 p. | ||
| 520 | |a Pawel, a young Polish businessman, is in trouble; in debt to loan sharks his only hope lies with former friends, many of whom are now prominent in Warsaw's drug-dealing underground. Embarking on a desperate fool's-gold chase through the city's grimy apartments and creaking transport system Pawel struggles for survival as part of a generation adrift in moral space and disconnected from family, neighbours and friends. Nine is a brilliant novel from one of Europe's finest writers: both an existential crime novel and a major work of literature. | ||
| 650 | |a Văn học Ba Lan | ||
| 700 | |a Johnston, Bill | ||
| 856 | |u http://lrc.tdmu.edu.vn/opac/search/detail.asp?aID=2&ID=32972 | ||
| 980 | |a Trung tâm Học liệu Trường Đại học Thủ Dầu Một | ||